| 000 -LEADER |
| fixed length control field |
00649cam a22002171 4500 |
| 020 ## - INTERNATIONAL STANDARD BOOK NUMBER |
| ISBN |
0700013407 |
| 040 ## - CATALOGING SOURCE |
| Transcribing agency |
DLC |
| 082 00 - DEWEY DECIMAL CLASSIFICATION NUMBER |
| Classification number |
351 CHU 1968 A089 Or. |
| 245 10 - TITLE STATEMENT |
| Title |
Decision making in national science policy: |
| Remainder of title |
a Ciba Foundation and Science of Science Foundation symposium; |
| 260 ## - PUBLICATION, DISTRIBUTION, ETC. (IMPRINT) |
| Place of publication |
London, |
| Name of publisher |
Churchill, |
| Year of publication |
1968. |
| 300 ## - PHYSICAL DESCRIPTION |
| Number of Pages |
xiii, 310 p. |
| Other physical details |
illus. |
| Dimensions |
24 cm. |
| 650 #0 - SUBJECT ADDED ENTRY--TOPICAL TERM |
| Topical Term |
Science |
| 650 #0 - SUBJECT ADDED ENTRY--TOPICAL TERM |
| Topical Term |
Science and state |
| 650 #0 - SUBJECT ADDED ENTRY--TOPICAL TERM |
| Topical Term |
Decision making |
| 700 1# - ADDED ENTRY--PERSONAL NAME |
| Personal name |
De Reuck, Anthony V. S., |
| 700 1# - ADDED ENTRY--PERSONAL NAME |
| Personal name |
Goldsmith, Maurice, |
| 700 1# - ADDED ENTRY--PERSONAL NAME |
| Personal name |
Knight, Julie, |
| 710 2# - ADDED ENTRY--CORPORATE NAME |
| Corporate name or jurisdiction name as entry element |
Ciba Foundation. |
| 710 2# - ADDED ENTRY--CORPORATE NAME |
| Corporate name or jurisdiction name as entry element |
Science of Science Foundation. |
| 942 ## - ADDED ENTRY ELEMENTS (KOHA) |
| Koha item type |
សៀវភៅភាសាអង់គ្លេស |
| 952 ## - LOCATION AND ITEM INFORMATION (KOHA) |
| Withdrawn status [LOCAL, KOHA] |
0 |